000 01429nam0a2200349 4500
001 RU\NLR\bibl\501665
005 20260405054924.0
010 _a5-200-03248-2
_93000
021 _aRU
_b2004-5419
_9276
035 _a(NLR Aleph) 000494260
090 _a1133151
_c1133151
100 _a20040317d2003 |||y0rusy50 ca
101 0 _arus
_ager
_eeng
102 _aRU
105 _ay |||||||||
200 1 _aНекоторые трудности русского языка
_dSchwierigkeiten der russiscchen sprache
_e[Учеб. пособие (для говорящих на нем. яз.)]
_fВ.М. Нечаева
_zger
205 _a7-е изд., испр.
210 _aМ.
_cРус. яз.
_d2003
215 _a347,[1] с.
_d20
300 _aАвт. также на нем. яз.: V.M. Netschajewa
510 0 _6z11790
_aSchwierigkeiten der russiscchen sprache
_zger
606 0 _aРусский язык
_jУчебные издания
_91533567
_3RU\NLR\auth\66969347
686 _aШ141.12-93нем
700 1 _4070
_8rus
_7ca
_aНечаева
_bВ. М.
_cфилолог
_gВалерия Михайловна
_3RU\NLR\AUTH\7718546
_91623
790 1 _4070
_8rus
_7ba
_aNečaeva
_bV. M.
_cфилолог
_gValerija Michajlovna
_3RU\NLR\AUTH\7718549
_91626
801 0 _aRU
_bNLR
_c20040317
_gPSBO
801 1 _aRU
_bNLR
_c20040317
830 _aАвт. по кн.
942 _cBOOK
980 _aNB